| 000 | 00462nam a2200181Ia 4500 | ||
|---|---|---|---|
| 005 | 20250508153105.0 | ||
| 008 | 008 250505s9999 xx 000 0 eng d | ||
| 037 | _aTextual | ||
| 040 |
_aFEDL _beng _cFEDL |
||
| 041 |
_aeng _2eng |
||
| 084 |
_a310, PIC _qFEDL |
||
| 100 |
_aPickard R.E. _9763153 |
||
| 245 | 0 | _aStatistics | |
| 260 |
_aLondon, UK _bCassell _c1962 |
||
| 300 | _avii,96p. | ||
| 942 |
_cTEXL _h310, PIC |
||
| 999 |
_c1340644 _d1340644 |
||